000 00323 a2200157 4500
001 56930
020 _a8532251757
040 _cAnchieta - Pituba
100 _aAbramovich, Fanny
240 1 0 _aFalta pouco
_lpor
245 1 0 _aFalta pouco
300 _a69
362 0 _a2003
650 4 _aLiteratura juvenil
942 _cBK
999 _c56930
_d56930